| 000 | 00896nam a22002655i 4500 | ||
|---|---|---|---|
| 001 | 173748 | ||
| 003 | ES-MaACL | ||
| 005 | 20250728033957.0 | ||
| 008 | 100114s2009 sp |||| | spa d | ||
| 020 | _a978-84-9899-111-6 | ||
| 080 | _a77.047 | ||
| 245 | 0 | 0 |
_aPaisajes / _cAnsel Adams, Edward Weston, Josef Koudelka ; [redacción, Vicente Ponce, Joan Soriano]. |
| 260 |
_a[Madrid] : _bPúblico, _c2009. |
||
| 300 |
_a[32] p. : _bprincipalmente fot. ; _c27 cm. |
||
| 490 | 1 |
_aMaestros de la fotografía ; _v12 |
|
| 650 | 7 |
_aFotografía de paisaje _2embne _9141948 |
|
| 700 | 1 |
_aAdams, Ansel. _9141949 |
|
| 700 | 1 |
_aWeston, Edward. _9141950 |
|
| 700 | 1 |
_aKoudelka, Josef. _9141937 |
|
| 700 | 1 |
_aPonce, Vicente. _9173428 |
|
| 700 | 1 |
_aSoriano, Joan. _9173429 |
|
| 830 | 1 |
_aMaestros de la fotografía ; _v12 _9189242 |
|
| 852 |
_aES-MaACL _j2284-F-12 |
||
| 999 |
_c173748 _d173748 |
||